00390cam a2200169 a 4500001000800000005001700008008004100025010001700066020001500083040001800098041000800116080001600124082002000140100000700160101000800167245004500175497922720180315111405.0980312s1998 nyua 000 0 eng  a 98015502  a0399144463 aDLCcDLCdDLC aeng a155.24 JOH00a155.24 JOH2211 a48 aPSI10aWho moved my cheese? :cSpencer Johnson.